000 00348cam a2200157 4500
001 D13974
008 090401t1955 xxu||||| |||| 00| 0 eng d
035 _a(Sirsi) u12566
041 _aeng
245 _aStar atlas for land surveyors
260 _aLondon
_bHMSO
_c1955
350 _a0
520 _aShelf 135
942 _n0
948 _c04/03/1997
999 _c87007
_d87007